| 000 | 00880nam a22002177a 4500 | ||
|---|---|---|---|
| 999 |
_c1781 _d1781 |
||
| 003 | AR-CdUCM | ||
| 008 | 190227b ||||| |||| 00| 0 spa d | ||
| 040 |
_aMUNICIPALIDAD PROVINCIAL DEL CUSCO _cBIBLIOTECA MUNICIPAL DEL CUSCO |
||
| 082 |
_a372.11 / _bW24 |
||
| 100 |
_aWall, W. D. _96543 |
||
| 245 | _aEducación y salud mental / | ||
| 260 |
_aMadrid : _bAguilar; _c1963. |
||
| 300 |
_a425 paginas ; _c21 cm. |
||
| 505 | _aLa salud mental y las tensiones internacionales -- El hogar familiar, la escuela y los servicios generales -- Educación pre.escolar -- El desarrollo del adolescente -- La escuela y el adolescente ... | ||
| 650 |
_aEducación e higiene mental. _96544 |
||
| 650 |
_aSalud mental escolar _96545 |
||
| 650 |
_aServicios psicologicos _96546 |
||
| 700 |
_aLuis Fernández Cancela (version española) _96547 |
||
| 942 |
_2ddc _cLIBROS |
||
| 945 |
_arum _d2019-02-27 |
||